RFLP variation and genealogical distance, multivariate distance heterosis and genetic variance in oats (Record no. 67031)

MARC details
000 -LEADER
fixed length control field 00392nam a2200133Ia 4500
100 ## - MAIN ENTRY--AUTHOR NAME
Personal name Moser H
245 #0 - TITLE STATEMENT
Title RFLP variation and genealogical distance, multivariate distance heterosis and genetic variance in oats
260 ## - PUBLICATION, DISTRIBUTION, ETC. (IMPRINT)
Name of publisher Theoretical and Applied Genetics
Year of publication 1994
300 ## - PHYSICAL DESCRIPTION
Number of Pages 947-956
650 ## - SUBJECT ADDED ENTRY--TOPICAL TERM
Topical Term RFLP
700 ## - ADDED ENTRY--PERSONAL NAME
Personal name Lee M
942 ## - ADDED ENTRY ELEMENTS (KOHA)
Koha item type Journals
Holdings
Withdrawn status Lost status Damaged status Not for loan Home library Current library Shelving location Date acquired Serial Enumeration / chronology Koha item type
      Journals RRII Library RRII Library RFLP 17/12/2021 Volume 87, Issue 8 Journals